| 000 | 00728nam a22002177a 4500 | ||
|---|---|---|---|
| 999 |
_c10425 _d10425 |
||
| 001 | 10425 | ||
| 003 | BD-JhCC | ||
| 005 | 20211004134020.0 | ||
| 008 | 180426b2015 bg ||||| |||| 00| 0 eng d | ||
| 035 | _a(BD-JhCC)10425 | ||
| 040 |
_aBD-JhCC _dBD-JhCC |
||
| 041 | _aeng | ||
| 082 |
_a297 _bISl 2015 |
||
| 100 | _aইসলাম, মোহাম্মদ রফিকুল | ||
| 245 |
_aআত্মশুদ্ধি প্রতিষ্ঠা পথ ও পাথেয় / _cমোহাম্মদ রফিকুল ইসলাম |
||
| 260 |
_aঢাকা : _bশিরিন পাবলিকেশন্স, _c2015. |
||
| 300 |
_a143 p. : _c22 cm. |
||
| 650 | _aIslam | ||
| 942 |
_2ddc _cBK _08 |
||